| 000 | 00786nam a2200205 i 4500 | ||
|---|---|---|---|
| 003 | IT-RoINE | ||
| 005 | 20201210095925.0 | ||
| 008 | 030606s1939 sp r 000 | spa d | ||
| 040 |
_aUM. _dUNAV. _dUSD _dIT-RoINE _cIT-RoINE |
||
| 100 | 1 |
_aSardá y Salvany, Félix ( _d1844-1916) _932281 |
|
| 245 | 1 | 0 |
_aMes de junio dedicado al Sagrado Corazón de Jesús : _bbreve, sencillo y práctico acomodado a toda clase de personas / _cpor Félix Sardá y Salvany. |
| 250 | _aNueva ed. | ||
| 260 |
_aBarcelona : _bLibrería y Tipografía Católica, _c1939. |
||
| 300 |
_a157 p. ; _c14 cm. |
||
| 336 |
_2rdacontent _atext |
||
| 337 |
_2rdamedia _aunmediated |
||
| 338 |
_2rdacarrier _avolume |
||
| 650 | 4 |
_aSagrado Corazón de Jesús _xLibros de oraciones y devocionarios _968948 |
|
| 942 | _cMTS | ||
| 999 |
_c35627 _d35627 |
||